Избрани произведения (Запис номер 182803)
[ съкратено ]
| 000 -Лидер | |
|---|---|
| Контролно поле с фиксирана дължина | 02536nam a2200373 a 4500 |
| 003 - Код на организацията, давaща контролен номер | |
| Контролно поле | BLK |
| 005 - Дата и час на последна редакция | |
| Контролно поле | 20240612151345.0 |
| 008 - Елементи от данни с фиксирана дължина | |
| fixed length control field | 180411b bul|||||r ||||||| ||bul|| |
| 010 ## - Наследен системен номер | |
| LC control number | KNG00191728000 |
| 040 ## - Източник на каталожния запис | |
| Идентификатор на билиотеката - собственик на записа | BLK |
| 041 ## - Код за език | |
| Код за езика на текст/звукозапис или на отделно заглавие | Български |
| Код за езика КДБФ | Български |
| 080 ## - УДК | |
| Текстов определител УДК | Руска литература |
| УДК код - определител по УДК | 821.161.1 |
| УДК определител | (081.2) |
| УДК - код + определител | 821.161.1(081.2) |
| 080 ## - УДК | |
| Текстов определител УДК | Руска литература |
| УДК код - определител по УДК | 821.161.1 |
| УДК определител | -32 |
| УДК - код + определител | 821.161.1-32 |
| 080 ## - УДК | |
| Текстов определител УДК | Руска литература |
| УДК код - определител по УДК | 821.161.1 |
| УДК определител | -34 |
| УДК - код + определител | 821.161.1-34 |
| 100 1# - Редна дума - Автор | |
| Автор | Горки, Максим |
| Дати, свързани с автора | 1868-1936 |
| Автор - информация (биография) | писател |
| Пълна форма на името | Пешков, Алексей Максимович |
| Авторска отговорност | първи автор |
| R(LIN) | 55187 |
| 139 ## - Редно поле | |
| Редна дума | Горки, Максим |
| Авторски знак | Горк - Г 68 |
| 245 10 - Сведения за заглавието | |
| Заглавие | Избрани произведения |
| Подзаглавни данни | В 6 т. |
| Редно поле (дума) | Максим Горки; състав. и ред. Иван Димитров Пауновски; с предг. от Иван Цветков; прев. от рус. на том Катя Атанасова Койчева |
| Том | Т. 1 |
| Заглавие на том | Разкази. В Америка. Моите интервюта. Приказки за Италия. Из Русия |
| 257 ## - Страна на издаване | |
| Страна на създаване/издаване | СССР |
| 260 ## - Област на издателските данни | |
| Място на издаване, разпространение и проч. | София |
| Име на издателя, разпространителя и проч. | Нар. култура |
| Година на издаване | 1967 - |
| 300 ## - Физическа характеристика | |
| Размери/Мащаб | 25 см |
| Страници | 483 с. |
| 380 ## - Жанр | |
| Жанр | Худож. лит. |
| 500 ## - Общи забележки | |
| Забележка | Максим Горки - псевд. на Алексей Максимович Пешков |
| 700 1# - Други автори (авторска отговорност) | |
| Лично име | Пауновски, Иван Димитров |
| Автороска отговорност (Описва отношението между автора и произведението) | състав. и ред. |
| 9 (RLIN) | 367499 |
| 700 1# - Други автори (авторска отговорност) | |
| Лично име | Цветков, Иван |
| Автороска отговорност (Описва отношението между автора и произведението) | с предг. от |
| 9 (RLIN) | 364088 |
| 700 ## - Други автори (авторска отговорност) | |
| Лично име | Койчева, Катя Атанасова |
| Дати, свързани с автора | 1926 - 1993 |
| Друга информация | Преводач от руски език |
| 9 (RLIN) | 281153 |
| 700 1# - Други автори (авторска отговорност) | |
| Лично име | Пешков, Алексей Максимович |
| Автороска отговорност (Описва отношението между автора и произведението) | * |
| 9 (RLIN) | 368201 |
| 760 1# - Описание на основната серия | |
| Редна дума на основното описание | Горки, Максим |
| Място на издаване, издател и година | 1967 |
| Страници - том | 484 с. |
| Забележка - том | Др. прев. : Тодор Харманджиев, Христо Василев Радевски, Иванка Васева, Л. Ацева, Ана Беливанова, Р. Димитрова, Иванка Васева, Любица Белева, Христо Влахов, Христо Берберов, Благовеста Старирадева, Захари Статков, Лиляна Минкова, Иван Цветков, Минко Николов |
| Заглавие | Т. 1 Разкази. В Америка. Моите интервюта. Приказки за Италия. Из Русия |
| 852 ## - Местоположение | |
| Форматна сигнатура | Цб 40949 |
| 856 4# - Електронен адрес и достъп | |
| Електронен формат | pdf - файл |
| 856 4# - Електронен адрес и достъп | |
| Електронен формат | pdf - файл |
| 999 ## - СИСТЕМНИ КОНТРОЛНИ НОМЕРА | |
| Koha biblionumber | 182803 |
| Koha biblioitemnumber | 182803 |
| 942 ## - АРТИКУЛИ | |
| Вид на библиотечния материал | Книги |
| Скрит в OPAC | Не |
| Периодичен библиозапис | Да |
| 944 ## - СЪЗДАВАНЕ И РЕДАКЦИЯ на ЗАПИСА | |
| Създаване/Редакция | Създаване |
| Дата на регистрацията/редакция | 06.10.2016 |
| Служител, извършил регистрацията/редакцията | 30560 |
| Статус, дата на статуса | Геновева Генчева |
| 944 ## - СЪЗДАВАНЕ И РЕДАКЦИЯ на ЗАПИСА | |
| Създаване/Редакция | Редакция |
| Дата на регистрацията/редакция | 2022-06-06 |
| Служител, извършил регистрацията/редакцията | К.Д. |
| Код за отписване | Код за изгубен артикул | Източник на класификационната схема | Код за повреда | Коз за рестрикции | Код за отдаване | Артикулен № | Име на библиотеката - собственик | Име на библиотеката, в която се намира в момента | Статус (Текущо местоположение) | Дата на вписване в системата | Местоположение - отдел | Цена в лева | Инвентарен номер | Систематично азбучна сигнатура | Баркод | Номер на екземпляра | Цена в евро | Служебна бележка | Служебен тип на артикула | Бележка за публиката |
|---|---|---|---|---|---|---|---|---|---|---|---|---|---|---|---|---|---|---|---|---|
| Не е изгубен | Universal Decimal Classification | Не е повреден | само за читалня | ползва се в читалня | 314480 | Регионална библиотека "Любен Каравелов" Русе | Регионална библиотека "Любен Каравелов" Русе | Хранилище | 1967-01-01 | Хранилище | 1.66 | 6263/67 | Цб 40949 | 900000099600 | 1 | 0.85 | Дост: Dp Вид: Д N: стар фонд Дата: 01.01.1967 | Книги | ||
| Изтеглен | Не е изгубен | Universal Decimal Classification | Не е повреден | без рестрикции | заемане за дома | 314481 | Регионална библиотека "Любен Каравелов" Русе | Регионална библиотека "Любен Каравелов" Русе | Заемна - подръчен фонд | 1967-01-01 | Заемна - подръчен фонд | 0.00 | 5741/67 | П 882(081)/Г 68 | 5741/67 | 2 | 0.00 | Дост: Pk Вид: Ф N: стар ф онд Дата: 01.01.1967 | Книги | |
| Изтеглен | Не е изгубен | Не е повреден | без рестрикции | заемане за дома | 314482 | Регионална библиотека "Любен Каравелов" Русе | Регионална библиотека "Любен Каравелов" Русе | 1967-01-01 | Заемна - подръчен фонд | 1.66 | 5746/67 | П 882(081)/Г 68 | 5746/67 | 3 | 0.85 | Дост: Pk Вид: Ф N: стар ф онд Дата: 01.01.1967 | Книги | Отч.N: 12/2018 , Дата: 02.02.2018 |